Jazyková a zahraničná politika

Skúmanie vzťahu jazykovej a zahraničnej politiky. Vznik jazykovej politiky ako vedy vyplynul z potreby riešiť jazykovú situáciu na určitom území, najmä na území určitého štátu, kde nastával stret viacerých jazykov. Silné postavenie jazyka je väčšinou podmienené silným postavením štátu.

Salvato in:
Dettagli Bibliografici
Autore principale: Ondrušová, Terézia, 1978-
Natura: Capitolo di libro
Lingua:slovacco
Soggetti:
Tags: Aggiungi Tag
Nessun Tag, puoi essere il primo ad aggiungerne!!

MARC

LEADER 00000naa$a2200000$$$4500
001 0267810
005 20240502074212.0
041 0 |a slo 
044 |a SK 
245 1 0 |a Jazyková a zahraničná politika  |c Terézia Ondrušová 
520 |a Skúmanie vzťahu jazykovej a zahraničnej politiky. Vznik jazykovej politiky ako vedy vyplynul z potreby riešiť jazykovú situáciu na určitom území, najmä na území určitého štátu, kde nastával stret viacerých jazykov. Silné postavenie jazyka je väčšinou podmienené silným postavením štátu. 
610 2 0 |a vzťahy medzinárodné 
610 2 0 |a politika kultúrna 
610 2 0 |a jazyk diplomatický 
610 2 0 |a Európska únia 
100 1 |a Ondrušová, Terézia, 1978-